MARC

LEADER 00000nam0a2200000 4500
001 245459
005 20231101232128.0
010 |a 577750163Х 
020 |a RU  |b 85-78710 
035 |a (RuTPU)RU\TPU\book\266868 
090 |a 245459 
100 |a 20131111d1990 m a0rusy5003 ca 
101 0 |a rus 
102 |a UA 
105 |a a g 001zy 
200 1 |a Справочник молодого слесаря-сборщика  |f под ред. А. С. Зенкина, И. Л. Оборского 
205 |a 2-е изд., перераб. и доп. 
210 |a Днепропетровск  |c Промiнь  |d 1990 
215 |a 253 с.  |c ил.  |d 17 см 
606 1 |a Слесарно-сборочное дело  |2 stltpush  |3 (RuTPU)RU\TPU\subj\55154  |9 73214 
610 1 |a справочники 
610 1 |a слесарно-сборочные работы 
610 1 |a рабочие места 
610 1 |a сборочные цеха 
610 1 |a механизмы 
610 1 |a узлы 
610 1 |a вращательное движение 
610 1 |a механизация 
610 1 |a автоматизация 
610 1 |a оплата труда 
610 1 |a техника безопасности 
675 |a 621.757(035.5)  |z rus 
702 1 |a Зенкин  |b А. С.  |4 340 
702 1 |a Оборский  |b И. Л.  |4 340 
801 0 |a RU  |b RuMRKP  |c 19950704  |g psbo 
801 1 |a RU  |b 63413507  |c 20131111 
801 2 |a RU  |b 63413507  |c 20131113  |g RCR 
942 |c BK